[Event "Eliminacje Miedzywojewodzkie MA-WM C13"]
[Site "Brok"]
[Date "2022.09.13"]
[Round "4.8"]
[White "Rajlich, Vaclav"]
[Black "Maciaga, Jan"]
[Result "1-0"]
[BlackElo "1296"]
[WhiteElo "1289"]
[LiveChessVersion "1.4.8"]

1. e4 c5 2. Nf3 Nc6 3. d4 cxd4 4. Nxd4 e5 5. Nb5 d6 6. c4 Be7 7. N1c3 a6 8. Na3
Nf6 9. Bg5 Ng4 10. Bxe7 Nxe7 11. Qd2 Be6 12. Rd1 Nc8 13. g3 O-O 14. h3 Nf6 15.
Bg2 Qc7 16. Nd5 Bxd5 17. cxd5 Nb6 18. Rc1 Qd8 19. Qb4 Ne8 20. O-O Rb8 21. f4 Nd7
22. Nc4 b5 23. Na5 Qb6+ 24. Kh1 Nc5 25. Rc3 Nf6 26. Re1 Nfd7 27. Ra3 h6 28. Nc6
Ra8 29. Rc1 f6 30. h4 Kf7 31. Bh3 Nb8 32. Be6+ Nxe6 33. Qxd6 Nd4 34. Nxe5+ fxe5
35. Qxb6 Nd7 36. Rc7 Ke8 37. Qd6 Rf7 38. fxe5 1-0

[Event "Eliminacje Miedzywojewodzkie MA-WM C13"]
[Site "Brok"]
[Date "2022.09.14"]
[Round "5.1"]
[White "Urych, Krzysztof"]
[Black "Bartodziej, Bartosz"]
[Result "1-0"]
[BlackElo "1940"]
[WhiteElo "1328"]
[LiveChessVersion "1.4.8"]

1. d4 {[%clk 1:30:59]} Nf6 {[%clk 1:30:42]} 2. Nf3 {[%clk 1:31:26]} g6
{[%clk 1:31:06]} 3. Bg5 {[%clk 1:31:43]} Bg7 {[%clk 1:31:11]} 4. Nbd2
{[%clk 1:32:05]} d5 {[%clk 1:31:34]} 5. e3 {[%clk 1:32:29]} O-O {[%clk 1:31:55]}
6. Be2 {[%clk 1:32:54]} c5 {[%clk 1:31:47]} 7. c3 {[%clk 1:33:19]} b6
{[%clk 1:30:53]} 8. O-O {[%clk 1:33:35]} Nc6 {[%clk 1:30:45]} 9. Ne5
{[%clk 1:29:36]} Nxe5 {[%clk 1:27:24]} 10. dxe5 {[%clk 1:30:02]} Nd7
{[%clk 1:22:04]} 11. f4 {[%clk 1:29:12]} f6 {[%clk 1:17:37]} 12. exf6
{[%clk 1:28:20]} Nxf6 {[%clk 1:15:15]} 13. e4 {[%clk 1:13:43]} dxe4
{[%clk 0:52:03]} 14. Bc4+ {[%clk 1:10:49]} Kh8 {[%clk 0:51:16]} 15. Bxf6
{[%clk 1:11:00]} exf6 {[%clk 0:50:39]} 16. Nxe4 {[%clk 1:10:50]} Qe7
{[%clk 0:29:45]} 17. Nd6 {[%clk 1:00:36]} f5 {[%clk 0:22:45]} 18. Qd5
{[%clk 0:53:05]} Rb8 {[%clk 0:18:37]} 19. Rfe1 {[%clk 0:29:01]} Qc7
{[%clk 0:17:56]} 20. Re8 {[%clk 0:21:53]} Bb7 {[%clk 0:18:12]} 21. Rxf8+
{[%clk 0:22:02]} Rxf8 {[%clk 0:18:39]} 22. Nxb7 {[%clk 0:22:16]} Qxf4
{[%clk 0:18:30]} 23. Re1 {[%clk 0:16:46]} Qh4 {[%clk 0:18:46]} 24. g3
{[%clk 0:16:43]} Qg4 {[%clk 0:19:14]} 25. Nd8 {[%clk 0:15:34]} Bf6
{[%clk 0:19:35]} 26. Nf7+ {[%clk 0:14:40]} Kg7 {[%clk 0:20:02]} 27. Ne5
{[%clk 0:14:20]} 1-0

[Event "Eliminacje Miedzywojewodzkie MA-WM C13"]
[Site "Brok"]
[Date "2022.09.14"]
[Round "5.2"]
[White "Dobosiewicz, Dawid"]
[Black "Krogulski, Maksymilian"]
[Result "1/2-1/2"]
[BlackElo "1559"]
[WhiteElo "1730"]
[LiveChessVersion "1.4.8"]

1. e4 c5 2. Nc3 {[%clk 1:30:55]} a6 {[%clk 1:31:30]} 3. g3 {[%clk 1:31:13]} b5
{[%clk 1:31:59]} 4. Bg2 {[%clk 1:31:20]} Bb7 {[%clk 1:32:29]} 5. d3
{[%clk 1:31:32]} e6 {[%clk 1:32:57]} 6. f4 {[%clk 1:30:10]} b4 {[%clk 1:31:12]}
7. Nce2 {[%clk 1:29:59]} d5 {[%clk 1:31:01]} 8. e5 {[%clk 1:29:00]} Nc6
{[%clk 1:29:00]} 9. Nf3 {[%clk 1:28:36]} Nge7 {[%clk 1:28:31]} 10. Be3
{[%clk 1:27:31]} d4 {[%clk 1:28:12]} 11. Bf2 {[%clk 1:27:21]} Nd5
{[%clk 1:27:20]} 12. O-O {[%clk 1:27:14]} Be7 {[%clk 1:25:51]} 13. Nd2
{[%clk 1:25:19]} Na7 {[%clk 1:21:37]} 14. Ne4 {[%clk 1:24:09]} Nb5
{[%clk 1:13:30]} 15. Qd2 {[%clk 1:23:16]} Rc8 {[%clk 1:12:35]} 16. a4
{[%clk 1:11:02]} bxa3 {[%clk 1:12:48]} 17. bxa3 {[%clk 1:11:23]} Qd7
{[%clk 1:00:00]} 18. Rfb1 {[%clk 1:10:31]} O-O {[%clk 0:56:06]} 19. Nc1
{[%clk 1:05:21]} Rb8 {[%clk 0:54:33]} 20. Nb3 {[%clk 1:05:27]} Rfc8
{[%clk 0:54:30]} 21. Na5 {[%clk 1:04:57]} Ba8 {[%clk 0:53:38]} 22. Nc4
{[%clk 1:04:32]} Qd8 {[%clk 0:51:09]} 23. Rf1 {[%clk 1:01:05]} Ndc3
{[%clk 0:49:45]} 24. Be1 {[%clk 0:53:07]} Nxe4 {[%clk 0:49:35]} 25. Bxe4
{[%clk 0:53:32]} Bxe4 {[%clk 0:50:00]} 26. dxe4 {[%clk 0:53:58]} Nc3
{[%clk 0:50:04]} 27. Qd3 {[%clk 0:52:28]} Na4 {[%clk 0:48:28]} 28. Ba5
{[%clk 0:49:47]} Qe8 {[%clk 0:48:20]} 29. Rab1 {[%clk 0:48:48]} Qc6
{[%clk 0:46:03]} 30. Rfe1 {[%clk 0:42:15]} Rb5 {[%clk 0:44:55]} 1/2-1/2

[Event "Eliminacje Miedzywojewodzkie MA-WM C13"]
[Site "Brok"]
[Date "2022.09.14"]
[Round "5.3"]
[White "Terkiewicz, Bruno"]
[Black "Olszewski, Antoni"]
[Result "0-1"]
[BlackElo "1351"]
[WhiteElo "1846"]
[LiveChessVersion "1.4.8"]

1. d4 {[%clk 1:30:59]} d5 {[%clk 1:30:53]} 2. c4 {[%clk 1:31:25]} c6
{[%clk 1:31:18]} 3. Nc3 {[%clk 1:31:36]} e6 {[%clk 1:31:42]} 4. e3
{[%clk 1:31:54]} Nf6 {[%clk 1:31:33]} 5. Nf3 {[%clk 1:32:17]} Nbd7
{[%clk 1:31:47]} 6. Be2 {[%clk 1:29:17]} dxc4 {[%clk 1:29:53]} 7. a4
{[%clk 1:29:23]} Bb4 {[%clk 1:25:39]} 8. Bxc4 {[%clk 1:27:15]} Nb6
{[%clk 1:21:47]} 9. Bd3 {[%clk 1:23:10]} O-O {[%clk 1:19:21]} 10. O-O
{[%clk 1:22:00]} c5 {[%clk 1:15:31]} 11. Qb3 {[%clk 1:19:30]} cxd4
{[%clk 1:11:38]} 12. Qxb4 {[%clk 1:18:04]} dxc3 {[%clk 1:10:57]} 13. Qxc3
{[%clk 1:18:26]} Bd7 {[%clk 1:06:46]} 14. a5 {[%clk 1:05:55]} Nbd5
{[%clk 1:03:13]} 15. Qb3 {[%clk 1:04:58]} b6 {[%clk 0:58:20]} 16. e4
{[%clk 0:58:39]} Ne7 {[%clk 0:56:21]} 17. Bg5 {[%clk 0:44:38]} bxa5
{[%clk 0:50:27]} 18. Rfd1 {[%clk 0:40:07]} Qb6 {[%clk 0:45:50]} 19. Qa3
{[%clk 0:34:57]} Ng6 {[%clk 0:39:54]} 20. Be3 {[%clk 0:21:40]} Qb7
{[%clk 0:34:59]} 21. Qxa5 {[%clk 0:19:25]} Rfd8 {[%clk 0:31:46]} 22. Rdc1
{[%clk 0:14:45]} Bc6 {[%clk 0:25:03]} 23. Ba6 {[%clk 0:12:16]} Qd7
{[%clk 0:24:42]} 24. Nd4 Bxe4 {[%clk 0:21:41]} 25. f3 {[%clk 0:08:04]} Bd5
{[%clk 0:15:45]} 26. Rc7 {[%clk 0:08:19]} Qd6 {[%clk 0:15:58]} 27. Nb5
{[%clk 0:05:59]} Qe5 {[%clk 0:15:22]} 28. Re1 {[%clk 0:04:55]} Nh4
{[%clk 0:09:49]} 29. Bf2 {[%clk 0:03:58]} Qg5 {[%clk 0:08:44]} 30. Bxh4
{[%clk 0:04:22]} Qxh4 {[%clk 0:09:06]} 31. Rxa7 {[%clk 0:04:13]} Rab8
{[%clk 0:07:16]} 32. Qc3 {[%clk 0:03:47]} h6 {[%clk 0:03:35]} 33. Rc1
{[%clk 0:03:09]} Qf4 {[%clk 0:01:16]} 34. Qc7 {[%clk 0:01:38]} Qe3+
{[%clk 0:01:35]} 35. Kh1 {[%clk 0:01:58]} e5 {[%clk 0:01:47]} 36. Qc3
{[%clk 0:02:01]} Qf4 {[%clk 0:01:04]} 37. Nc7 {[%clk 0:01:21]} Rb3
{[%clk 0:00:51]} 38. Qc2 {[%clk 0:00:54]} Rxf3 {[%clk 0:00:34]} 39. Nxd5
{[%clk 0:00:51]} Nxd5 {[%clk 0:00:34]} 40. gxf3 {[%clk 0:01:07]} Ne3
{[%clk 0:00:58]} 41. Qe2 {[%clk 0:00:39]} Ng4 {[%clk 0:00:34]} 42. fxg4
{[%clk 0:00:34]} Qxc1+ {[%clk 0:00:53]} 43. Qf1 {[%clk 0:00:36]} Rd1
{[%clk 0:01:19]} 44. Rxf7 {[%clk 0:00:38]} Rxf1+ {[%clk 0:01:41]} 45. Rxf1
{[%clk 0:00:55]} Qc6+ {[%clk 0:02:09]} 0-1

[Event "Eliminacje Miedzywojewodzkie MA-WM C13"]
[Site "Brok"]
[Date "2022.09.14"]
[Round "5.4"]
[White "Klim, Juliusz"]
[Black "Nocek, Dominik"]
[Result "0-1"]
[BlackElo "1627"]
[WhiteElo "1471"]
[LiveChessVersion "1.4.8"]

1. e4 {[%clk 1:30:59]} e5 {[%clk 1:30:48]} 2. Nf3 {[%clk 1:31:27]} Nc6
{[%clk 1:31:09]} 3. Bc4 {[%clk 1:31:44]} Nf6 {[%clk 1:31:23]} 4. d3
{[%clk 1:31:49]} Bc5 {[%clk 1:31:37]} 5. c3 {[%clk 1:32:07]} a6 {[%clk 1:31:46]}
6. Bb3 {[%clk 1:32:27]} h6 {[%clk 1:31:19]} 7. Nbd2 {[%clk 1:32:19]} Ba7
{[%clk 1:31:29]} 8. h3 {[%clk 1:32:00]} d6 {[%clk 1:31:30]} 9. Nf1
{[%clk 1:32:05]} d5 {[%clk 1:31:24]} 10. Qe2 {[%clk 1:30:05]} O-O
{[%clk 1:29:20]} 11. g4 {[%clk 1:27:30]} dxe4 {[%clk 1:18:23]} 12. dxe4
{[%clk 1:27:12]} Nd7 {[%clk 1:17:46]} 13. g5 {[%clk 1:21:29]} Nc5
{[%clk 1:16:57]} 14. Bc2 {[%clk 1:18:02]} h5 {[%clk 1:10:15]} 15. Nh4
{[%clk 1:09:55]} g6 {[%clk 1:09:31]} 16. Ng3 {[%clk 1:02:01]} Ne6
{[%clk 0:53:56]} 17. Rg1 {[%clk 0:44:43]} Ng7 {[%clk 0:36:15]} 18. Nhf5
{[%clk 0:31:18]} Be6 {[%clk 0:27:33]} 19. b3 {[%clk 0:20:38]} Ne7
{[%clk 0:20:10]} 20. Nxg7 {[%clk 0:15:26]} Kxg7 {[%clk 0:20:32]} 21. Qf1
{[%clk 0:15:02]} Qd7 {[%clk 0:18:33]} 22. Rh1 {[%clk 0:12:18]} Qc6
{[%clk 0:16:15]} 23. Bd2 {[%clk 0:11:48]} f5 {[%clk 0:14:03]} 24. f4
{[%clk 0:09:36]} fxe4 {[%clk 0:10:44]} 25. Nxe4 {[%clk 0:08:04]} Bd5
{[%clk 0:08:32]} 26. Qf3 {[%clk 0:06:53]} Nf5 {[%clk 0:07:30]} 27. c4
{[%clk 0:04:04]} Nd4 {[%clk 0:07:20]} 28. Qc3 {[%clk 0:01:43]} Nxc2+
{[%clk 0:07:17]} 29. Kd1 {[%clk 0:00:46]} Bxe4 {[%clk 0:06:51]} 30. Qxe5+
{[%clk 0:00:51]} Kg8 {[%clk 0:06:47]} 31. Bc3 {[%clk 0:00:50]} Bd4
{[%clk 0:06:55]} 0-1

[Event "Eliminacje Miedzywojewodzkie MA-WM C13"]
[Site "Brok"]
[Date "2022.09.14"]
[Round "5.5"]
[White "Renn, Grzegorz"]
[Black "Przybylski, Jan"]
[Result "1/2-1/2"]
[BlackElo "1704"]
[WhiteElo "1203"]
[LiveChessVersion "1.4.8"]

1. e4 {[%clk 1:30:56]} c5 {[%clk 1:30:56]} 2. Nf3 {[%clk 1:31:09]} e6
{[%clk 1:31:21]} 3. d4 {[%clk 1:31:29]} cxd4 {[%clk 1:31:45]} 4. Nxd4
{[%clk 1:31:54]} Nf6 {[%clk 1:32:09]} 5. Nc3 {[%clk 1:32:19]} d6 {[%clk 1:32:35]}
6. f4 {[%clk 1:32:44]} Be7 {[%clk 1:26:51]} 7. Be2 {[%clk 1:32:47]} Nc6
{[%clk 1:25:18]} 8. O-O {[%clk 1:30:21]} Bd7 {[%clk 1:23:57]} 9. Kh1
{[%clk 1:30:40]} O-O {[%clk 1:21:13]} 10. Be3 {[%clk 1:28:57]} Qb8
{[%clk 1:09:07]} 11. Bf3 {[%clk 1:18:26]} Rc8 {[%clk 1:02:11]} 12. Qe1
{[%clk 1:08:07]} Nxd4 {[%clk 1:00:01]} 13. Bxd4 {[%clk 1:07:33]} e5
{[%clk 1:00:02]} 14. fxe5 {[%clk 1:07:06]} dxe5 {[%clk 0:59:49]} 15. Be3
{[%clk 1:07:29]} b5 {[%clk 0:58:49]} 16. Nd5 {[%clk 1:06:05]} Nxd5
{[%clk 0:58:41]} 17. exd5 {[%clk 1:02:36]} Qd6 {[%clk 0:57:48]} 18. Qf2
{[%clk 0:57:13]} Bf5 {[%clk 0:51:21]} 19. c3 {[%clk 0:56:52]} a6 {[%clk 0:49:26]}
20. Rad1 {[%clk 0:51:48]} Bg6 {[%clk 0:48:33]} 21. Bg4 {[%clk 0:50:53]} Rf8
{[%clk 0:43:58]} 22. b4 {[%clk 0:44:47]} Qc7 {[%clk 0:40:11]} 23. Rc1
{[%clk 0:40:36]} f5 {[%clk 0:37:04]} 24. Bd1 {[%clk 0:40:10]} Rac8
{[%clk 0:30:33]} 25. Bb3 {[%clk 0:39:42]} Kh8 {[%clk 0:30:04]} 26. Rfd1
{[%clk 0:38:44]} Bd6 {[%clk 0:26:53]} 27. a3 {[%clk 0:38:59]} Bh5
{[%clk 0:25:45]} 28. Re1 {[%clk 0:36:52]} f4 {[%clk 0:23:59]} 29. Bb6
{[%clk 0:36:52]} Qd7 {[%clk 0:22:17]} 30. c4 {[%clk 0:37:01]} bxc4
{[%clk 0:21:34]} 31. Rxc4 {[%clk 0:37:20]} Rxc4 {[%clk 0:19:08]} 32. Bxc4
{[%clk 0:37:46]} Qa4 {[%clk 0:18:58]} 33. Bc5 {[%clk 0:38:12]} f3
{[%clk 0:06:44]} 34. Bxd6 {[%clk 0:36:46]} fxg2+ {[%clk 0:07:05]} 35. Qxg2
{[%clk 0:37:12]} Bf3 {[%clk 0:07:29]} 36. Bxf8 {[%clk 0:37:36]} Bxg2+
{[%clk 0:07:57]} 37. Kxg2 {[%clk 0:37:42]} Qc2+ {[%clk 0:08:22]} 38. Be2
{[%clk 0:37:42]} Qe4+ {[%clk 0:06:41]} 39. Kg1 {[%clk 0:38:06]} 1/2-1/2

[Event "Eliminacje Miedzywojewodzkie MA-WM C13"]
[Site "Brok"]
[Date "2022.09.14"]
[Round "5.6"]
[White "Kowalski, Witold"]
[Black "Rajlich, Vaclav"]
[Result "1-0"]
[BlackElo "1289"]
[WhiteElo "1525"]
[LiveChessVersion "1.4.8"]

1. e4 {[%clk 1:30:58]} c5 {[%clk 1:30:56]} 2. Nf3 {[%clk 1:31:24]} Nc6
{[%clk 1:31:22]} 3. d4 {[%clk 1:31:48]} cxd4 {[%clk 1:31:48]} 4. Nxd4
{[%clk 1:32:13]} g6 {[%clk 1:32:14]} 5. Nc3 {[%clk 1:28:08]} Bg7 {[%clk 1:32:19]}
6. Be3 {[%clk 1:28:30]} Nf6 {[%clk 1:32:16]} 7. f3 {[%clk 1:20:05]} d5
{[%clk 1:31:19]} 8. Bb5 {[%clk 1:03:43]} Bd7 {[%clk 1:23:22]} 9. exd5
{[%clk 1:02:59]} Ne5 {[%clk 1:23:26]} 10. Be2 {[%clk 0:46:56]} O-O
{[%clk 1:20:05]} 11. O-O {[%clk 0:46:39]} Qa5 {[%clk 1:16:57]} 12. Nb3
{[%clk 0:44:39]} Qc7 {[%clk 1:15:53]} 13. Qd2 {[%clk 0:41:47]} Rad8
{[%clk 1:15:25]} 14. Bd4 {[%clk 0:34:39]} Nc4 {[%clk 1:12:07]} 15. Bxc4
{[%clk 0:24:36]} Qxc4 {[%clk 1:12:31]} 16. Rfe1 {[%clk 0:19:52]} e6
{[%clk 1:08:25]} 17. dxe6 {[%clk 0:18:00]} Bxe6 {[%clk 1:08:48]} 18. Qf2
{[%clk 0:16:04]} Ng4 {[%clk 1:05:34]} 19. fxg4 {[%clk 0:13:50]} Rxd4
{[%clk 1:05:13]} 20. h3 {[%clk 0:03:22]} Rfd8 {[%clk 1:03:45]} 21. Ne2
{[%clk 0:02:47]} Re4 {[%clk 1:02:03]} 22. c3 {[%clk 0:02:34]} Bh6
{[%clk 1:01:22]} 23. Ned4 {[%clk 0:02:03]} Qd5 {[%clk 0:58:56]} 24. Rxe4
{[%clk 0:01:55]} Qxe4 {[%clk 0:59:18]} 25. Re1 {[%clk 0:02:18]} Qd5
{[%clk 0:58:52]} 26. Kh1 {[%clk 0:01:43]} Bc8 {[%clk 0:58:15]} 27. Nf3
{[%clk 0:01:11]} Bg7 {[%clk 0:57:27]} 28. Qxa7 {[%clk 0:01:16]} h5
{[%clk 0:56:20]} 29. gxh5 {[%clk 0:00:55]} Qxh5 {[%clk 0:56:38]} 30. Qf2
{[%clk 0:01:02]} g5 {[%clk 0:56:15]} 31. Nh2 {[%clk 0:00:39]} Be6
{[%clk 0:54:13]} 32. Nd4 {[%clk 0:00:38]} Bd5 {[%clk 0:54:09]} 33. Qe3
{[%clk 0:00:34]} Qh4 {[%clk 0:52:16]} 34. Nf5 {[%clk 0:00:45]} Qh5
{[%clk 0:51:03]} 35. Ne7+ {[%clk 0:01:02]} Kh7 {[%clk 0:49:08]} 36. Nxd5
{[%clk 0:01:23]} g4 {[%clk 0:49:04]} 37. Nf4 {[%clk 0:01:12]} Qg5
{[%clk 0:48:45]} 38. Nxg4 {[%clk 0:01:21]} 1-0

[Event "Eliminacje Miedzywojewodzkie MA-WM C13"]
[Site "Brok"]
[Date "2022.09.14"]
[Round "5.7"]
[White "Fil, Grzegorz"]
[Black "Rzap, Filip"]
[Result "0-1"]
[BlackElo "1391"]
[WhiteElo "1122"]
[LiveChessVersion "1.4.8"]

1. e4 {[%clk 1:30:58]} c5 {[%clk 1:30:57]} 2. Nf3 {[%clk 1:31:24]} d6
{[%clk 1:31:25]} 3. d4 {[%clk 1:31:49]} cxd4 {[%clk 1:31:51]} 4. Nxd4
{[%clk 1:32:16]} Nf6 {[%clk 1:32:17]} 5. Nc3 {[%clk 1:32:41]} a6 {[%clk 1:32:33]}
6. a4 {[%clk 1:32:49]} b6 {[%clk 1:32:16]} 7. Bc4 {[%clk 1:30:41]} e6
{[%clk 1:32:00]} 8. Be3 {[%clk 1:30:30]} Bb7 {[%clk 1:31:51]} 9. f3
{[%clk 1:30:38]} Qc7 {[%clk 1:31:35]} 10. Bb3 {[%clk 1:28:15]} Nbd7
{[%clk 1:30:46]} 11. Qd2 {[%clk 1:27:24]} Ne5 {[%clk 1:28:24]} 12. Qf2
{[%clk 1:27:00]} Rb8 {[%clk 1:16:49]} 13. O-O {[%clk 1:23:04]} Ba8
{[%clk 1:13:46]} 14. Qe2 {[%clk 1:22:08]} Qc8 {[%clk 1:10:13]} 15. Rad1
{[%clk 1:18:24]} Be7 {[%clk 1:09:13]} 16. h3 {[%clk 1:17:44]} O-O
{[%clk 1:02:53]} 17. f4 {[%clk 1:08:44]} Ned7 {[%clk 0:57:54]} 18. e5
{[%clk 0:59:34]} dxe5 {[%clk 0:33:12]} 19. fxe5 {[%clk 0:59:26]} Nxe5
{[%clk 0:21:01]} 20. Bf4 {[%clk 0:59:05]} Nc6 {[%clk 0:20:52]} 21. Nxc6
{[%clk 0:58:16]} Qxc6 {[%clk 0:21:13]} 22. Bxb8 {[%clk 0:58:32]} Rxb8
{[%clk 0:21:12]} 23. Rd2 {[%clk 0:54:12]} Bb4 {[%clk 0:19:25]} 24. Rfd1
{[%clk 0:53:20]} Bc5+ {[%clk 0:18:23]} 25. Kh1 {[%clk 0:52:55]} Qc7
{[%clk 0:18:27]} 26. Qxa6 {[%clk 0:49:46]} Qg3 {[%clk 0:18:04]} 27. Rd8+
{[%clk 0:49:13]} Ne8 {[%clk 0:17:36]} 28. Qe2 {[%clk 0:47:54]} Qxh3#
{[%clk 0:17:55]} 0-1

[Event "Eliminacje Miedzywojewodzkie MA-WM C13"]
[Site "Brok"]
[Date "2022.09.14"]
[Round "5.8"]
[White "Roclawski, Jakub"]
[Black "Kryston, Aleksander"]
[Result "0-1"]
[BlackElo "1281"]
[WhiteElo "1079"]
[LiveChessVersion "1.4.8"]

1. e4 {[%clk 1:30:59]} c5 {[%clk 1:30:40]} 2. Nf3 {[%clk 1:31:24]} Nc6
{[%clk 1:31:09]} 3. d4 cxd4 {[%clk 1:31:09]} 4. Nxd4 {[%clk 1:32:12]} g6
{[%clk 1:30:58]} 5. Nc3 {[%clk 1:32:35]} Bg7 {[%clk 1:31:19]} 6. Be3
{[%clk 1:32:56]} Nf6 {[%clk 1:31:42]} 7. Qd2 {[%clk 1:33:18]} O-O
{[%clk 1:31:54]} 8. O-O-O {[%clk 1:33:40]} d6 {[%clk 1:18:57]} 9. f3
{[%clk 1:33:59]} Bd7 {[%clk 1:19:17]} 10. Nxc6 {[%clk 1:34:10]} Bxc6
{[%clk 1:18:54]} 11. Bh6 {[%clk 1:34:32]} a6 {[%clk 1:14:26]} 12. g4
{[%clk 1:34:48]} b5 {[%clk 1:08:20]} 13. h4 {[%clk 1:34:57]} Rc8 {[%clk 1:00:56]}
14. h5 {[%clk 1:35:20]} b4 {[%clk 0:53:33]} 15. Nb1 {[%clk 1:35:07]} Nxe4
{[%clk 0:51:45]} 16. fxe4 Bxe4 {[%clk 0:52:04]} 17. Rh2 {[%clk 1:35:33]} Rxc2+
{[%clk 0:51:51]} 18. Qxc2 {[%clk 1:35:40]} Bxh6+ {[%clk 0:50:36]} 19. Nd2
{[%clk 1:36:03]} Bxc2 {[%clk 0:50:38]} 20. Kxc2 {[%clk 1:36:26]} Qc7+
{[%clk 0:48:45]} 21. Nc4 {[%clk 1:36:33]} d5 {[%clk 0:45:06]} 22. Rh3
{[%clk 1:36:29]} dxc4 {[%clk 0:41:44]} 23. hxg6 {[%clk 1:36:48]} fxg6
{[%clk 0:39:17]} 24. Rxh6 {[%clk 1:37:05]} Rf2+ {[%clk 0:39:37]} 25. Kb1
{[%clk 1:37:16]} Qe5 {[%clk 0:39:48]} 26. Bxc4+ {[%clk 1:37:29]} Kg7
{[%clk 0:39:19]} 27. Rxh7+ {[%clk 1:36:10]} Kxh7 {[%clk 0:39:35]} 28. Bg8+
{[%clk 1:36:35]} Kxg8 {[%clk 0:39:48]} 29. Rd8+ {[%clk 1:36:51]} Kg7
{[%clk 0:39:59]} 30. Rg8+ {[%clk 1:37:14]} Kxg8 {[%clk 0:40:25]} 31. Kc1
{[%clk 1:37:40]} Qxb2+ {[%clk 0:40:46]} 32. Kd1 {[%clk 1:38:01]} Qd2# 0-1

[Event "Eliminacje Miedzywojewodzkie MA-WM C13"]
[Site "Brok"]
[Date "2022.09.14"]
[Round "5.9"]
[White "Maciaga, Jan"]
[Black "Baranowski, Jan"]
[Result "0-1"]
[BlackElo "1216"]
[WhiteElo "1296"]
[LiveChessVersion "1.4.8"]

1. c4 {[%clk 1:29:04]} c5 {[%clk 1:30:58]} 2. Nc3 {[%clk 1:29:15]} Nc6
{[%clk 1:31:22]} 3. g3 {[%clk 1:29:15]} g6 {[%clk 1:31:42]} 4. Bg2
{[%clk 1:29:41]} Bg7 {[%clk 1:32:03]} 5. Nf3 {[%clk 1:30:06]} e6 {[%clk 1:32:28]}
6. e4 {[%clk 1:29:32]} Nge7 {[%clk 1:32:31]} 7. O-O {[%clk 1:29:47]} O-O
{[%clk 1:30:21]} 8. d3 {[%clk 1:27:37]} b6 {[%clk 1:29:47]} 9. a3
{[%clk 1:23:16]} Bb7 {[%clk 1:28:12]} 10. Rb1 {[%clk 1:17:58]} a5
{[%clk 1:26:31]} 11. Bf4 {[%clk 1:14:44]} d5 {[%clk 1:21:08]} 12. Nb5
{[%clk 1:11:05]} Rc8 {[%clk 1:15:21]} 13. Qe2 {[%clk 1:03:40]} d4
{[%clk 0:42:00]} 14. Ne1 {[%clk 0:52:07]} e5 {[%clk 0:39:02]} 15. Bd2
{[%clk 0:52:26]} f5 {[%clk 0:37:30]} 16. f4 {[%clk 0:50:58]} Qd7 {[%clk 0:35:39]}
17. Nc2 {[%clk 0:47:14]} exf4 {[%clk 0:30:27]} 18. Bxf4 {[%clk 0:46:21]} Ne5
{[%clk 0:26:46]} 19. Rbe1 {[%clk 0:40:44]} fxe4 {[%clk 0:24:32]} 20. Bxe4
{[%clk 0:40:44]} Bxe4 {[%clk 0:24:31]} 21. Qxe4 {[%clk 0:40:56]} N7c6
{[%clk 0:24:48]} 22. Bd2 {[%clk 0:21:02]} Kh8 {[%clk 0:21:37]} 23. Rxf8+
{[%clk 0:19:04]} Rxf8 {[%clk 0:21:46]} 24. Rf1 {[%clk 0:19:31]} Rxf1+
{[%clk 0:20:27]} 25. Kxf1 {[%clk 0:19:50]} Qe7 {[%clk 0:17:43]} 26. Ne1
{[%clk 0:17:47]} Nxc4 {[%clk 0:16:45]} 27. Qxe7 {[%clk 0:09:33]} Nxd2+
{[%clk 0:17:01]} 28. Ke2 {[%clk 0:09:53]} Nxe7 {[%clk 0:17:22]} 29. Kxd2
{[%clk 0:10:17]} Nd5 {[%clk 0:17:35]} 30. Nc2 {[%clk 0:08:22]} Bh6+
{[%clk 0:14:59]} 31. Ke2 {[%clk 0:08:37]} Kg7 {[%clk 0:15:14]} 32. Nd6
{[%clk 0:06:56]} Kf6 {[%clk 0:11:08]} 33. Ne1 {[%clk 0:04:18]} Bc1
{[%clk 0:10:35]} 34. Nc4 {[%clk 0:04:45]} b5 {[%clk 0:10:10]} 35. Nxa5
{[%clk 0:05:11]} Bxb2 {[%clk 0:10:29]} 36. Nc2 {[%clk 0:04:52]} Nc3+
{[%clk 0:10:07]} 37. Kf3 {[%clk 0:03:16]} Ke5 {[%clk 0:05:04]} 38. h4
{[%clk 0:00:51]} Nb1 {[%clk 0:04:37]} 39. a4 {[%clk 0:00:52]} bxa4
{[%clk 0:04:45]} 40. Nc4+ {[%clk 0:01:20]} Kd5 {[%clk 0:02:47]} 41. Nxb2
{[%clk 0:01:48]} a3 {[%clk 0:02:59]} 42. Nc4 {[%clk 0:01:47]} a2 {[%clk 0:03:12]}
43. Na1 {[%clk 0:00:50]} Nc3 {[%clk 0:01:49]} 44. Kf4 {[%clk 0:00:35]} h6
{[%clk 0:01:39]} 45. g4 {[%clk 0:00:41]} Ne2+ {[%clk 0:01:47]} 46. Kf3
{[%clk 0:00:50]} Nc1 {[%clk 0:01:53]} 47. Nd2 {[%clk 0:00:51]} Nxd3
{[%clk 0:01:50]} 48. Ndb3 {[%clk 0:00:36]} c4 {[%clk 0:01:56]} 49. Nd2
{[%clk 0:00:35]} Nb4 {[%clk 0:01:49]} 50. Ke2 {[%clk 0:00:37]} d3+
{[%clk 0:02:13]} 51. Kd1 {[%clk 0:00:55]} Nc2 {[%clk 0:02:38]} 0-1

[Event "Eliminacje Miedzywojewodzkie MA-WM C13"]
[Site "Brok"]
[Date "2022.09.14"]
[Round "6.1"]
[White "Dobosiewicz, Dawid"]
[Black "Urych, Krzysztof"]
[Result "1/2-1/2"]
[BlackElo "1328"]
[WhiteElo "1730"]
[LiveChessVersion "1.4.8"]

1. c4 {[%clk 1:30:50]} Nf6 {[%clk 1:30:12]} 2. g3 {[%clk 1:31:01]} e6
{[%clk 1:30:34]} 3. Bg2 {[%clk 1:31:03]} d5 {[%clk 1:30:58]} 4. Nf3
{[%clk 1:31:21]} c5 {[%clk 1:30:22]} 5. O-O {[%clk 1:30:46]} Nc6 {[%clk 1:30:14]}
6. b3 {[%clk 1:30:47]} Be7 {[%clk 1:30:17]} 7. Bb2 {[%clk 1:30:35]} O-O
{[%clk 1:30:21]} 8. d3 {[%clk 1:29:49]} b6 {[%clk 1:25:30]} 9. Nbd2
{[%clk 1:28:49]} Bb7 {[%clk 1:22:44]} 10. Qc2 {[%clk 1:24:20]} Qc7
{[%clk 1:12:38]} 11. a3 {[%clk 1:20:31]} Rac8 {[%clk 1:09:21]} 12. Rfd1
{[%clk 1:18:12]} Rfd8 {[%clk 1:08:03]} 13. Rac1 {[%clk 1:15:38]} d4
{[%clk 0:57:43]} 14. e3 {[%clk 1:15:38]} e5 {[%clk 0:54:13]} 15. exd4
{[%clk 1:15:53]} Nxd4 {[%clk 0:53:04]} 16. Bxd4 {[%clk 1:15:33]} exd4
{[%clk 0:53:25]} 17. Re1 {[%clk 1:15:19]} Re8 {[%clk 0:45:54]} 18. Nh4
{[%clk 1:14:56]} g6 {[%clk 0:41:51]} 19. Bxb7 {[%clk 1:13:47]} Qxb7
{[%clk 0:42:19]} 20. Ng2 {[%clk 1:11:08]} Bf8 {[%clk 0:36:18]} 21. Ne4
{[%clk 1:05:42]} Nd7 {[%clk 0:33:05]} 22. Re2 {[%clk 0:54:34]} f5
{[%clk 0:26:54]} 23. Ng5 {[%clk 0:54:43]} Bh6 {[%clk 0:26:39]} 24. h4
{[%clk 0:53:50]} Bxg5 {[%clk 0:25:09]} 25. hxg5 {[%clk 0:54:13]} Ne5
{[%clk 0:23:57]} 26. f4 {[%clk 0:54:30]} Ng4 {[%clk 0:21:50]} 27. Rce1
{[%clk 0:54:47]} Qd7 {[%clk 0:21:38]} 28. b4 {[%clk 0:52:29]} Rxe2
{[%clk 0:19:28]} 29. Qxe2 {[%clk 0:52:36]} Kf7 {[%clk 0:19:41]} 30. b5
{[%clk 0:48:18]} Re8 {[%clk 0:19:10]} 31. Qxe8+ {[%clk 0:48:04]} Qxe8
{[%clk 0:19:39]} 32. Rxe8 {[%clk 0:48:28]} Kxe8 {[%clk 0:20:06]} 33. Kf1
{[%clk 0:48:53]} Ke7 {[%clk 0:18:41]} 34. Ke2 {[%clk 0:49:00]} Kd6
{[%clk 0:18:06]} 35. Ne1 {[%clk 0:48:02]} Ne3 {[%clk 0:18:29]} 36. Nf3
{[%clk 0:48:25]} Ng4 {[%clk 0:18:54]} 37. a4 {[%clk 0:48:23]} Ke6
{[%clk 0:18:54]} 38. Nd2 {[%clk 0:48:13]} Ne3 {[%clk 0:18:10]} 39. Nb3
{[%clk 0:48:17]} Kd6 {[%clk 0:18:16]} 40. a5 {[%clk 0:48:09]} Kc7
{[%clk 0:17:48]} 41. a6 {[%clk 0:48:10]} Kb8 {[%clk 0:17:54]} 42. Nd2
{[%clk 0:47:49]} Kc7 {[%clk 0:16:13]} 43. Nf3 {[%clk 0:47:48]} Ng4
{[%clk 0:16:42]} 44. Kd2 {[%clk 0:46:28]} Kd6 {[%clk 0:16:28]} 45. Ke2
{[%clk 0:45:17]} Ke6 {[%clk 0:16:46]} 46. Nd2 {[%clk 0:45:27]} Kd6
{[%clk 0:16:27]} 47. Nb3 {[%clk 0:45:23]} Kc7 {[%clk 0:16:50]} 1/2-1/2